| 000 | 01060nam a2200277Ia 4500 | ||
|---|---|---|---|
| 003 | GCL | ||
| 008 | 140319s9999 xx 000 0 ara d | ||
| 020 | _a8046307977 | ||
| 040 |
_aGCL / _cGCL |
||
| 082 | 0 | 4 |
_a001.6 _bأ ع |
| 100 | 1 | _aخالد العامرى | |
| 245 | 1 | 0 |
_aعام 2000 المشكلة والحل YEAR 2000 : _bفى خطوات سهلة IN EASY STEPS / _cخالد العامرى |
| 700 | 1 | _aاوستين، بريان | |
| 700 | 1 | _aشاهيناز حسين | |
| 700 | 1 | _aرشا ابراهيم | |
| 250 | _aالاولى | ||
| 260 |
_aالقاهرة : _bدار الفاروق للنشر والتوزيع ، _c1999 |
||
| 300 |
_a188 ص: _bايض ؛ _c24 سم |
||
| 650 | 0 | 4 | _aالحاسبات الالكترونية |
| 650 | 0 | 4 | _aنظم المعلومات |
| 650 | 0 | 4 | _aالتحكم الالى |
| 650 | 0 | 4 | _aالحاسبات الالكترونية - تصميمات هندسية |
| 650 | 0 | 4 | _aالحاسبات الالكترونية - مدخلات |
| 650 | 0 | 4 | _aالحاسبات الالكترونية - مخرجات |
| 942 |
_2ddc _cBK |
||
| 999 |
_c4984 _d4984 |
||